000 00603nam a2200229 a 4500
001 13860
003 BD-JhCC
005 20240425124349.0
008 240425b2024 b |||| ||a| 000 0 eng d
020 _a9789848046012
035 _a(BD-JhCC)13860
040 _aBD-JhCC
_dBD-JhCC
041 _aEnglish
082 _a297.7
_bYUS 2024
100 _a Yusuf, Maruf
245 _a7 Steps To Success In Deen And Dunya /
_c Maruf Yusuf .
260 _aDhaka:
_bSean Publication Limited;
_c2024.
300 _a183 p. :
_c22 cm.
650 _aIslamic
_zSelf-development
942 _2ddc
_cBK
999 _c13860
_d13860